000 00544nam a2200181Ia 4500
001 14643
003 GE_BSU
008 181216s||||||||xx |||||||||||||| ||und||
040 _cGE_BSU
245 _aПолитическая наука.№4 2014
245 _bНауч.журн.религия и политика.
245 _cГл.ред Мелешкина Е.Ю. Ред.О.Г.Харитонова
260 _aМосква
260 _c2014
300 _a310стр.21см.
653 _aПолитическая наука.
942 _cCR
999 _c47769
_d47769